00569cam a2200181Ja 4500020002800000020003100028020003500059020003800094040000800132082002600140100001800166245005600184260004800240300003300288650002900321700002200350700001500372 a0195212541 (alk. paper) a9780195212549 (alk. paper) a019521255X (pbk. : alk. paper) a9780195212556 (pbk. : alk. paper) cDLC a333 OXF 1997 A108 Or.1 aHanley, Nick.10aEnvironmental economics :bin theory and practice / aNew York :bOxford University Press,c1997. axv, 464 p. :bill. ;c24 cm. 0aEnvironmental economics.1 aShogren, Jason F.1 aWhite, Ben